| 000 | 00496nam a2200145 a 4500 | ||
|---|---|---|---|
| 008 | 120416s1977 xx |||||||||||||| || u | ||
| 050 | _aTS 158.2 Wie | ||
| 100 | _aWiest, Jerome D | ||
| 245 | 1 | 2 | _aA management guide to PERT/CPM |
| 246 | _awith GERT/PDM/DCPM and other networks | ||
| 250 | _a2nd ed. | ||
| 260 | _c1977 | ||
| 350 | _a0.00 | ||
| 995 |
_D0.00 _FCBU-MAIN LIBRARY (Kitwe) _H1 _I0.00 _UAVAILABLE _ZMain Library Open Access Collection |
||
| 999 |
_c49927 _d49927 |
||